Sustainable settlements : a guide for planners, designers and developers costs. (Record no. 96312)

MARC details
000 -LEADER
fixed length control field 01176cam a2200313 4500
001 - CONTROL NUMBER
control field M83087
008 - FIXED-LENGTH DATA ELEMENTS--GENERAL INFORMATION
fixed length control field 090401t1995 xxu||||| |||| 00| 0 eng d
035 ## - SYSTEM CONTROL NUMBER
System control number (Sirsi) u77455
041 ## - LANGUAGE CODE
Language code of text/sound track or separate title eng
050 ## - LIBRARY OF CONGRESS CALL NUMBER
Classification number 711.4
100 ## - MAIN ENTRY--PERSONAL NAME
Personal name Barton, Hugh
245 ## - TITLE STATEMENT
Title Sustainable settlements : a guide for planners, designers and developers costs.
260 ## - PUBLICATION, DISTRIBUTION, ETC.
Place of publication, distribution, etc. Bristol
Name of publisher, distributor, etc. University of the West of England
Date of publication, distribution, etc. 1995
300 ## - PHYSICAL DESCRIPTION
Extent 247p. : ill. ; 21x30cm.
350 ## - PRICE (NR) (BK AM CF MU VM SE) [OBSOLETE]
Price 35
520 ## - SUMMARY, ETC.
Summary, etc. This guide is aimed at planners, designers and developers to provide a practical framework for the implementation of sustainable development in all areas of the planning process. As well as including basic checklists, this guide also provides detailed planning and design guidance.
650 ## - SUBJECT ADDED ENTRY--TOPICAL TERM
Topical term or geographic name entry element Environment
9 (RLIN) 6238
650 ## - SUBJECT ADDED ENTRY--TOPICAL TERM
Topical term or geographic name entry element PLANNING GUIDANCE
650 ## - SUBJECT ADDED ENTRY--TOPICAL TERM
Topical term or geographic name entry element PLANNING
650 ## - SUBJECT ADDED ENTRY--TOPICAL TERM
Topical term or geographic name entry element Sustainability
9 (RLIN) 6271
650 ## - SUBJECT ADDED ENTRY--TOPICAL TERM
Topical term or geographic name entry element SUSTAINABLE DEVELOPMENT
690 ## - LOCAL SUBJECT ADDED ENTRY--TOPICAL TERM (OCLC, RLIN)
Topical term or geographic name as entry element PLANNING LAW AND PRACTICE
700 ## - ADDED ENTRY--PERSONAL NAME
Personal name Davis, Geoff
700 ## - ADDED ENTRY--PERSONAL NAME
Personal name Guise, Richard
710 ## - ADDED ENTRY--CORPORATE NAME
Corporate name or jurisdiction name as entry element Local Government Management Board
9 (RLIN) 2741
710 ## - ADDED ENTRY--CORPORATE NAME
Corporate name or jurisdiction name as entry element University of the West of England
9 (RLIN) 3479
942 ## - ADDED ENTRY ELEMENTS (KOHA)
Suppress in OPAC 0
948 ## - LOCAL PROCESSING INFORMATION (OCLC); SERIES PART DESIGNATOR (RLIN)
c (OCLC) 27/03/1997
Holdings
Withdrawn status Lost status Source of classification or shelving scheme Damaged status Not for loan Home library Current library Shelving location Date acquired Cost, normal purchase price Total Checkouts Full call number Barcode Date last seen Date last checked out Copy number Cost, replacement price Price effective from Koha item type
    Dewey Decimal Classification     London London Folio 06/05/1997 35.00 3 FOLIO 30052809 06/08/2019 04/12/2001 1 35.00 06/08/2019 Book